| 000 | 00593nam a2200205 i 4500 | ||
|---|---|---|---|
| 001 | 65886 | ||
| 003 | ES-MaACL | ||
| 005 | 20230906165508.0 | ||
| 007 | t| | ||
| 008 | 040122s1968 sp ||||1| spa d | ||
| 100 | 1 |
_aFullaondo, Juan Daniel. _952999 |
|
| 245 | 1 | 0 |
_aAntonio Fernández Alba, arquitecto / _cpresentación a cargo de Juan Daniel Fullaondo. |
| 250 | _a[1ª ed.]. | ||
| 260 |
_a[Madrid : _bAlfaguara, _c1968] |
||
| 300 |
_a58 p., 10 lám. ; _c31 cm. |
||
| 490 | 1 | _aNueva Forma | |
| 830 | 0 |
_aNueva Forma _9182973 |
|
| 852 |
_aES-MaACL _jC-55026 _bR.87751 |
||
| 999 |
_c65886 _d65886 |
||